Famous People By Letter - B - Statistics

General Stats
  • This quiz has been taken 528 times
    445 since last reset
  • The average score is 10 of 23
Answer Stats
Hint Answer % Correct
German Composer, Ode To Joy Ludwig van Beethoven
85%
Lead singer of U2 Bono
80%
Helped kill Julius Caesar Brutus
79%
German Composer, "Toccata and Fugue in D minor" Johann Sebastian Bach
73%
The fifth James Bond actor Pierce Brosnan
59%
43rd president George W Bush
55%
Footloose, Apollo 13, R.I.P.D., etc. Kevin Bacon
52%
The Dark Knight actor Christian Bale
50%
41st president George H W Bush
46%
Scary Spice Mel B
46%
Lucy Ricardo Lucille Ball
44%
New England Patriots quarterback Tom Brady
44%
Sang "I Dreamed A Dream" on Britain's got Talent, 2009 Susan Boyle
40%
Sang "Under Pressure" along side Queen David Bowie
38%
Producer and director of The Flintstones, The Jetsons, Smurfs, etc. Joseph Barbera
37%
Lakers #24 Kobe Bryant
36%
First Englishman to win league titles in four different countries (England, Spain, USA, France) David Beckham
35%
Legolas, Will Turner, etc. Orlando Bloom
35%
30 Rock, Beetlejuice, Pearl Harbor, etc. Alec Baldwin
34%
Creator of Peter Pan J.M. Barrie
30%
The 6th Doctor Who Colin Baker
16%
CEO of Microsoft Steve Ballmer
5%
President of Iraq, 1968-79 Ahmed Hassan al-Bakr
1%
No matching quizzes found
Score Distribution
Percent of People with Each Score
Percentile by Number Answered
Your Score History
You have not taken this quiz since the last reset